[Event "AUTO-INT-3131"]
[Site "http://www.queenalice.com/game.php?id=1468224"]
[Date "2017.3.10"]
[Round "2"]
[White "HenriqCamargo"]
[Black "vangogh"]
[Result "1-0"]
[WhiteElo "1906"]
[BlackElo "1493"]

1. e4 e5 2. Nf3 Nc6 3. Nc3 a6 4. d4 f6 5. dxe5 fxe5 6. Bd3 h6 7. O-O d6 8. Be3
Bg4 9. Be2 Nf6 10. Nd2 h5 11. Bg5 Be7 12. Bxf6 Bxf6 13. Bxg4 hxg4 14. Qxg4 O-O
15. Nd5 Nd4 16. Nxf6+ Qxf6 17. c3 Nb5 18. Nf3 c5 19. Rad1 Rad8 20. Rd2 b6 21.
Rfd1 Qh6 22. a4 Rf4 23. Qg5 Rdf8 24. Qxh6 gxh6 25. axb5 axb5 26. Rxd6 Rxe4 27.
Rxh6 Re2 28. Rb1 e4 29. Ne1 Rfxf2 30. b3 Rb2 31. Rc1 e3 32. Rg6+ Kh7 33. Rg3
Rfe2 34. Nd3 Rxb3 35. Nf4 Reb2 36. Rxe3 Rb1 37. Rxb1 Rxb1+ 38. Kf2 Kg7 39. Ke2
b4 40. cxb4 Rxb4 41. Nd3 Rc4 42. Kd2 Kf6 43. Nb2 Rb4 44. Kc3 Kf5 45. g3 Kg4 46.
h4 b5 47. Rd3 c4 48. Rd4+ Kxg3 49. Kxb4 1-0

[Event "AUTO-INT-3131"]
[Site "http://www.queenalice.com/game.php?id=1468225"]
[Date "2017.3.10"]
[Round "2"]
[White "joao37"]
[Black "HenriqCamargo"]
[Result "0-1"]
[WhiteElo "1426"]
[BlackElo "1862"]

1. e4 e5 2. Nf3 Nc6 3. Be2 Nf6 4. Nc3 Be7 5. O-O O-O 6. d3 d6 7. Bd2 Bg4 8. Nd5
Bxf3 9. Nxe7+ Qxe7 10. Bxf3 Nd4 11. c4 Qe6 12. b3 Nxf3+ 13. Qxf3 b6 14. Qf5 Qxf5
15. exf5 Rfe8 16. Rfe1 c5 17. f3 Rad8 18. a4 d5 19. cxd5 Nxd5 20. Re2 Nb4 21. d4
exd4 22. Rxe8+ Rxe8 23. g3 Nd3 24. h4 Re2 25. Kf1 Rxd2 26. g4 Rf2+ 27. Kg1 Rxf3
28. Kg2 Re3 29. g5 Nf4+ 30. Kf2 Rxb3 31. Re1 Nd3+ 32. Kf1 Nxe1 33. Kxe1 Rf3 34.
Ke2 Rxf5 35. Kd3 Rf4 0-1

[Event "AUTO-INT-3131"]
[Site "http://www.queenalice.com/game.php?id=1468226"]
[Date "2017.3.10"]
[Round "2"]
[White "HenriqCamargo"]
[Black "joao37"]
[Result "1-0"]
[WhiteElo "1860"]
[BlackElo "1428"]

1. e4 e5 2. Nf3 d6 3. Nc3 c6 4. Be2 Na6 5. O-O Nf6 6. d4 exd4 7. Nxd4 d5 8. Bg5
h6 9. Bh4 g5 10. Bg3 Nxe4 11. Nxe4 dxe4 12. Bxa6 bxa6 13. Nxc6 Qxd1 14. Raxd1
Bd7 15. Ne5 Be6 16. b3 Rd8 17. Rxd8+ Kxd8 18. Nc6+ Kc8 19. Rd1 Bc5 20. Be5 Bb6
21. Bd4 Bc7 22. Bxh8 Bb6 23. Bg7 f5 24. Bxh6 g4 25. Bf4 Bc5 26. Rd8+ Kb7 27.
Na5+ Kb6 28. Nc4+ Kb5 29. c3 a5 30. a4+ Ka6 31. Bd6 e3 32. fxe3 Bxd6 33. Rxd6+
1-0

[Event "AUTO-ADV-3801"]
[Site "http://www.queenalice.com/game.php?id=1469916"]
[Date "2017.3.22"]
[Round "1"]
[White "jlpbarreto"]
[Black "HenriqCamargo"]
[Result "1-0"]
[WhiteElo "1831"]
[BlackElo "1916"]

1. e4 e5 2. Nf3 Nc6 3. d4 d6 4. dxe5 Nxe5 5. Nxe5 dxe5 6. Qxd8+ Kxd8 7. Bc4 f6
8. Nc3 Bb4 9. Bd2 Bd7 10. O-O-O Ke7 11. Nd5+ Kf8 12. Bxb4+ Ke8 13. Nxc7+ 1-0

[Event "AUTO-ADV-3801"]
[Site "http://www.queenalice.com/game.php?id=1469917"]
[Date "2017.3.22"]
[Round "1"]
[White "HenriqCamargo"]
[Black "jlpbarreto"]
[Result "0-1"]
[WhiteElo "1865"]
[BlackElo "1797"]

1. e4 e5 2. Nf3 Nc6 3. Bb5 a6 4. Ba4 b5 5. Bb3 Nf6 6. O-O Bb4 7. c3 Ba5 8. d4
exd4 9. Nxd4 Bb7 10. Bg5 d6 11. Re1 O-O 12. Nf5 Re8 13. Bc2 Bb6 14. Nd2 Kh8 15.
Bxf6 Qxf6 16. Qf3 Ne5 17. Qg3 Qg6 18. Qxg6 fxg6 19. Ng3 Ng4 20. Re2 Rf8 21. Rf1
Rf6 22. Kh1 Ne5 23. f3 h5 24. Ree1 h4 25. Ne2 g5 26. Nd4 g6 27. Bd1 Raf8 28. h3
Nd3 29. Re2 Nxb2 30. Bc2 Kg7 31. Bb3 Bc8 32. Nc6 Nd3 33. Ne7 Bb7 34. Nd5 Bxd5
35. exd5 Nf4 36. Re7+ R6f7 37. Rxf7+ Kxf7 38. Ne4 Ke7 39. Nxg5 Rf5 40. Re1+ Kd7
41. Ne4 Nd3 42. Rd1 Nc5 43. Nxc5+ Bxc5 44. Re1 Re5 45. Rf1 Re2 46. c4 Ke7 47. f4
Kf6 48. Kh2 Kf5 49. cxb5 axb5 50. Kh1 Rf2 51. Rxf2 Bxf2 52. Bc2+ Kf6 53. Kh2
Bg3+ 0-1

[Event "AUTO-ADV-3801"]
[Site "http://www.queenalice.com/game.php?id=1469928"]
[Date "2017.3.22"]
[Round "1"]
[White "BOTAFOGONISSO"]
[Black "HenriqCamargo"]
[Result "1-0"]
[WhiteElo "1768"]
[BlackElo "1880"]

1. e4 e5 2. Nf3 Nc6 3. a3 d6 4. Bc4 Bg4 5. h3 Bh5 6. d3 Be7 7. Nc3 Nf6 8. g4 Bg6
9. h4 h6 10. h5 Bh7 11. Nh2 Qd7 12. Be3 O-O 13. Qf3 Ne8 14. O-O-O a6 15. Rdg1
Nf6 16. g5 hxg5 17. Bxg5 Rab8 18. h6 g6 19. Nd5 Nd4 20. Qd1 b5 21. Bxf6 Rfe8 22.
Bxe7 Rxe7 23. Nf6+ 1-0

[Event "AUTO-ADV-3801"]
[Site "http://www.queenalice.com/game.php?id=1469929"]
[Date "2017.3.22"]
[Round "1"]
[White "HenriqCamargo"]
[Black "BOTAFOGONISSO"]
[Result "0-1"]
[WhiteElo "1851"]
[BlackElo "1780"]

1. e4 e5 2. Nf3 Nc6 3. Bb5 Nce7 4. O-O Ng6 5. Nc3 a6 6. Ba4 b5 7. Bb3 Nf6 8. Re1
Bc5 9. d4 exd4 10. Nxd4 h6 11. Nf5 O-O 12. Nd5 Bb7 13. Nxf6+ Qxf6 14. c3 Ne5 15.
Qe2 Rfe8 16. Bc2 d5 17. Nd4 Bxd4 18. cxd4 Nc4 19. e5 Qh4 20. b3 Qxd4 21. Rb1
Rxe5 22. Qd1 Rxe1+ 23. Qxe1 Nd6 24. Bb2 Qb6 25. Qc3 f6 26. Re1 d4 27. Qxd4 Qxd4
28. Bxd4 Rd8 29. Bc5 f5 30. Bxd6 Rxd6 31. Bxf5 Kf7 32. h3 c5 33. g3 g5 34. Kf1
Bd5 35. Bg4 a5 36. Be2 c4 37. bxc4 bxc4 38. a3 c3 39. Rc1 Rc6 40. Bd3 Ba2 41.
Bc2 Rd6 42. Bd1 Rd3 43. a4 Bc4 44. Ke1 Ba6 45. Be2 Rd6 46. Bxa6 Rxa6 47. Rxc3
Re6+ 48. Re3 Rd6 49. Re5 Ra6 50. f4 Kf6 51. fxg5+ Kxe5 0-1

[Event "AUTO-ADV-3801"]
[Site "http://www.queenalice.com/game.php?id=1469936"]
[Date "2017.3.22"]
[Round "1"]
[White "HenriqCamargo"]
[Black "Shizumaru_Hisame"]
[Result "0-1"]
[WhiteElo "1883"]
[BlackElo "1825"]

1. e4 c6 2. Nf3 d5 3. Nc3 d4 4. Ne2 d3 5. cxd3 Qxd3 6. Nc3 Qd8 7. Be2 f5 8. d3
Nf6 9. Bg5 Qb6 10. Qc2 e6 11. O-O Ng4 12. exf5 Bc5 13. Nd1 exf5 14. Bh4 O-O 15.
Qb3+ Qxb3 16. axb3 Re8 17. d4 Rxe2 18. dxc5 Na6 19. Nd4 Rd2 20. Nf3 Rd5 21. Be7
Nxc5 22. Nc3 Nxb3 23. Ra3 Rd7 24. Re1 Nd4 25. Nxd4 Rxd4 26. Bc5 Rd2 27. Ra2 a6
28. h3 Nf6 29. Be3 Rd6 30. Bf4 Rd8 31. Bg5 Kf7 32. Raa1 Rd6 33. Bf4 Re6 34. Rxe6
Bxe6 35. Kf1 Bc4+ 36. Ke1 Re8+ 37. Kd2 Nd5 38. Nxd5 Bxd5 39. g3 Bc4 40. Re1 Rxe1
41. Kxe1 Ke6 42. Kd2 Kd5 43. Kc3 c5 44. Bc7 g5 45. Bd8 g4 46. h4 Bb5 47. Bb6 h5
48. b3 Kc6 49. Bd8 b6 50. Be7 a5 51. Bf6 Kd5 52. Bg5 Bd7 53. Be3 b5 54. Kd3 Kc6
55. Bf4 c4+ 56. bxc4 b4 57. Be5 a4 58. Ba1 Kc5 59. Bb2 Be6 0-1

[Event "AUTO-ADV-3801"]
[Site "http://www.queenalice.com/game.php?id=1469937"]
[Date "2017.3.22"]
[Round "1"]
[White "Shizumaru_Hisame"]
[Black "HenriqCamargo"]
[Result "1-0"]
[WhiteElo "1795"]
[BlackElo "1900"]

1. e4 e5 2. Nf3 Nc6 3. Bc4 Be7 4. d4 d6 5. d5 Na5 6. Be2 b6 7. c4 Ba6 8. Qa4+
Qd7 9. Qxd7+ Kxd7 10. b3 Nf6 11. Nc3 Bc8 12. h3 Rd8 13. Nh2 Ke8 14. g4 Kf8 15.
h4 h6 16. f4 Nh7 17. g5 hxg5 18. hxg5 g6 19. Nb5 c5 20. Nf3 Kg7 21. fxe5 a6 22.
exd6 Bxd6 23. Bb2+ Kg8 24. Nxd6 Rxd6 25. e5 Rd8 26. O-O-O Bf5 27. Bd3 Bg4 28.
Be2 Nb7 29. Rdg1 Bf5 30. Nh4 Be4 31. Rh2 a5 32. Rg4 Bf5 33. Nxf5 gxf5 34. Rg1
1-0

[Event "AUTO-ADV-3723"]
[Site "http://www.queenalice.com/game.php?id=1470154"]
[Date "2017.3.23"]
[Round "2"]
[White "HenriqCamargo"]
[Black "sallesandre88"]
[Result "0-1"]
[WhiteElo "1795"]
[BlackElo "2122"]

1. e4 e5 2. Nf3 Nc6 3. Bb5 d6 4. Nc3 Bd7 5. O-O a6 6. Ba4 Nf6 7. Re1 h6 8. Bb3
Bg4 9. d3 Nd4 10. Kh1 Nxf3 11. gxf3 Bh3 12. Rg1 c6 13. Be3 Be7 14. Rxg7 Qd7 15.
Bxf7+ Kd8 16. Bb6+ Kc8 17. Qg1 Bf8 18. Be6 Qxe6 19. Rc7+ Kb8 20. Ne2 Rg8 21. Qe1
Bg2+ 22. Kg1 Bxf3+ 23. Ng3 Nh5 24. Rh7 Nf4 25. Qe3 Ne2+ 26. Kf1 Nxg3+ 0-1

[Event "AUTO-ADV-3723"]
[Site "http://www.queenalice.com/game.php?id=1470155"]
[Date "2017.3.23"]
[Round "2"]
[White "sallesandre88"]
[Black "HenriqCamargo"]
[Result "1-0"]
[WhiteElo "2155"]
[BlackElo "1754"]

1. e4 e5 2. Bc4 Nf6 3. Nc3 Bc5 4. Nf3 d6 5. h3 O-O 6. d3 c6 7. Bg5 Qe7 8. O-O
Be6 9. Bxe6 fxe6 10. Na4 Bb6 11. Nxb6 axb6 12. c4 Nbd7 13. b4 c5 14. b5 Rf7 15.
a4 Qd8 16. g4 Ra7 17. Bxf6 Nxf6 18. Ng5 Re7 19. f4 exf4 20. Rxf4 h6 21. Nf3 Nh7
22. h4 Rf7 23. Rxf7 Kxf7 24. Qe2 e5 25. g5 hxg5 26. Rf1 gxh4 27. Nxh4+ 1-0

[Event "AUTO-ADV-3723"]
[Site "http://www.queenalice.com/game.php?id=1470156"]
[Date "2017.3.23"]
[Round "2"]
[White "HenriqCamargo"]
[Black "MarcosT"]
[Result "1-0"]
[WhiteElo "1864"]
[BlackElo "1932"]

1. e4 d6 2. Nf3 Bg4 3. Be2 e5 4. Nc3 c6 5. O-O Nf6 6. d4 Be7 7. dxe5 Bxf3 8.
Bxf3 dxe5 9. Qxd8+ Bxd8 10. Bg5 O-O 11. Rad1 Be7 12. Bxf6 Bxf6 13. Rfe1 Na6 14.
a3 Rad8 15. Na2 Nc7 16. Rxd8 Rxd8 17. Rd1 Rxd1+ 18. Bxd1 Ne6 19. c3 Nf4 20. Bc2
g6 21. Kf1 Kg7 22. g3 Ne6 23. Ke2 a5 24. b4 axb4 25. Nxb4 h5 26. f3 Be7 27. Bb3
Bxb4 28. axb4 b6 29. Ke3 c5 30. b5 Kf8 31. Kd3 Ke7 32. Kc4 f5 33. Kd5 Kf6 34. h4
fxe4 35. fxe4 g5 36. Kc6 gxh4 37. gxh4 Nf4 38. Kxb6 Ng2 39. Kxc5 Nxh4 40. b6 1-0

[Event "AUTO-ADV-3723"]
[Site "http://www.queenalice.com/game.php?id=1470157"]
[Date "2017.3.23"]
[Round "2"]
[White "MarcosT"]
[Black "HenriqCamargo"]
[Result "1-0"]
[WhiteElo "1863"]
[BlackElo "1829"]

1. e4 e5 2. Nf3 Nc6 3. c3 Be7 4. a3 Nf6 5. d3 O-O 6. Be2 d6 7. h3 Nh5 8. d4 Nf4
9. Bb5 Bd7 10. dxe5 dxe5 11. Bc4 Nxg2+ 12. Kf1 Nh4 13. Nxh4 Bxh4 14. Qf3 Be6 15.
Ba2 Bxa2 16. Rxa2 Qf6 17. Qxf6 Bxf6 18. Rg1 g6 19. Bh6 Rfd8 20. Kg2 Na5 21. b4
Nc4 22. a4 Rd3 23. Na3 Rxc3 24. Nxc4 Rxc4 25. Rc1 Rxb4 26. Rxc7 Rb8 27. Rac2 Rd4
28. Rc8+ Rd8 29. Rxb8 Rxb8 30. f4 exf4 31. Rf2 Be5 32. Bxf4 Bxf4 33. Rxf4 b5 34.
axb5 Rxb5 35. Rf6 a5 36. Ra6 Kf8 37. h4 h5 38. Kf3 Ke7 39. Kf4 f6 40. Ra7+ Kf8
41. Ra8+ Ke7 42. Ra7+ Kf8 43. Ra6 Kg7 44. Ra7+ Kh6 45. Ra6 a4 46. Rxa4 g5+ 47.
hxg5+ Rxg5 48. Ra6 Kg6 49. Ra7 h4 50. Ra1 Kh5 51. Ra8 Rg6 52. Kf5 h3 53. Ra3
Rg5+ 54. Kxf6 Kh4 55. Rxh3+ 1-0

[Event "AUTO-ADV-3723"]
[Site "http://www.queenalice.com/game.php?id=1470158"]
[Date "2017.3.23"]
[Round "2"]
[White "HenriqCamargo"]
[Black "marcoswerneck"]
[Result "1-0"]
[WhiteElo "1846"]
[BlackElo "1752"]

1. e4 e5 2. Nf3 d6 3. Nc3 a6 4. Bc4 h6 5. O-O Nc6 6. d4 Qf6 7. dxe5 Nxe5 8. Nxe5
Qxe5 9. Re1 Be6 10. Bxe6 fxe6 11. Qd2 Ne7 12. b3 O-O-O 13. Bb2 g5 14. Na4 Qb5
15. Bxh8 Ng6 16. c4 Qe8 17. Bf6 Rd7 18. Qe3 Rf7 19. e5 dxe5 20. Bxe5 Nxe5 21.
Qxe5 Bd6 22. Qxe6+ Qxe6 23. Rxe6 h5 24. Rae1 Kd7 25. c5 Bf8 26. b4 g4 27. R6e5
h4 28. Rd1+ Kc6 29. Nc3 b5 30. Re6+ Kb7 31. Rd8 g3 32. f3 h3 33. Ne4 gxh2+ 34.
Kxh2 hxg2 35. Kxg2 Rg7+ 36. Kf2 Be7 37. Rh8 Rf7 38. Ke3 1-0

[Event "AUTO-ADV-3723"]
[Site "http://www.queenalice.com/game.php?id=1470159"]
[Date "2017.3.23"]
[Round "2"]
[White "marcoswerneck"]
[Black "HenriqCamargo"]
[Result "1-0"]
[WhiteElo "1738"]
[BlackElo "1814"]

1. e4 e5 2. a3 Nf6 3. d3 Be7 4. Nc3 O-O 5. h3 d5 6. Bg5 d4 7. Bxf6 Bxf6 8. Nd5
Be6 9. Nxf6+ Qxf6 10. Qd2 Na6 11. Be2 c5 12. Nf3 Nc7 13. O-O-O Nb5 14. g4 a5 15.
g5 Qe7 16. Nxe5 Nc7 17. f4 f6 18. gxf6 Qxf6 19. Bg4 Bxg4 20. hxg4 Qxf4 21. Qxf4
Rxf4 22. g5 Raf8 23. Nd7 R8f7 24. Nxc5 Na6 25. Ne6 Rg4 26. Nxd4 Rxg5 27. Ne6 Rg2
28. Rh5 b6 29. Rf5 Rf2 30. Rxf7 Rxf7 31. d4 Re7 32. d5 Nc5 33. Nxc5 bxc5 34. d6
Rd7 35. e5 Kf7 36. c4 Ke6 37. Re1 h5 38. Kd2 g5 39. Ke3 Kxe5 40. b4 Rxd6 41. b5
a4 42. Rb1 Rb6 43. Rd1 h4 44. Rd5+ Kf6 45. Rxc5 1-0

[Event "AUTO-OPEN-3704"]
[Site "http://www.queenalice.com/game.php?id=1472436"]
[Date "2017.4.7"]
[Round "2"]
[White "Nguxi59"]
[Black "HenriqCamargo"]
[Result "1-0"]
[WhiteElo "2546"]
[BlackElo "1853"]

1. e4 e5 2. Nf3 Nc6 3. Bc4 Be7 4. O-O Nf6 5. d3 O-O 6. Re1 d6 7. a4 Bg4 8. h3
Bh5 9. c3 a6 10. Nbd2 Rb8 11. b4 b5 12. Bb3 Bg6 13. Nh4 Nd7 14. Nxg6 hxg6 15.
Nf3 Bh4 16. axb5 axb5 17. Bd5 Ne7 18. Bxf7+ Rxf7 19. Nxh4 Ra8 20. Be3 Nf8 21.
Qb3 c6 22. Nf3 Rxa1 23. Rxa1 Nh7 24. Ra7 Qe8 25. Qe6 Nf6 26. Ng5 1-0

[Event "AUTO-OPEN-3704"]
[Site "http://www.queenalice.com/game.php?id=1472437"]
[Date "2017.4.7"]
[Round "2"]
[White "HenriqCamargo"]
[Black "Nguxi59"]
[Result "0-1"]
[WhiteElo "1792"]
[BlackElo "2556"]

1. e4 e5 2. Nf3 Nc6 3. Nc3 Nf6 4. Bb5 Bb4 5. O-O O-O 6. a3 Bxc3 7. dxc3 d6 8.
Bg5 h6 9. Bxf6 Qxf6 10. Bxc6 bxc6 11. Qd3 Qf4 12. g3 Qf6 13. Nh4 Bh3 14. Rfe1 g6
15. Qf3 Qxf3 16. Nxf3 f5 17. exf5 Bxf5 18. Rac1 g5 19. Nd2 g4 20. Nc4 a5 21. b3
Bg6 22. a4 Rf7 23. Ne3 h5 24. Kg2 Raf8 25. Re2 Be4+ 26. Kg1 Bf3 27. Rd2 c5 28.
Nc4 Ra8 29. Na3 Kg7 30. Nb5 d5 31. Re1 Kf6 32. Rd3 c6 33. Na3 e4 34. Rd2 h4 35.
Rb1 Rh8 0-1

[Event "AUTO-OPEN-3704"]
[Site "http://www.queenalice.com/game.php?id=1472442"]
[Date "2017.4.7"]
[Round "2"]
[White "HenriqCamargo"]
[Black "Prosperidade"]
[Result "0-1"]
[WhiteElo "1858"]
[BlackElo "2139"]

1. e4 e5 2. Nf3 d6 3. Nc3 a6 4. Bc4 h6 5. O-O Nf6 6. d3 Be7 7. Be3 c5 8. a3 Nc6
9. Nd5 O-O 10. Nxf6+ Bxf6 11. Qd2 Kh7 12. Bd5 Ne7 13. Bc4 Bg4 14. Qe2 Ng6 15.
Bd5 Rb8 16. c3 Qd7 17. Rab1 Nh4 18. b4 b6 19. bxc5 Bxf3 0-1

[Event "AUTO-OPEN-3704"]
[Site "http://www.queenalice.com/game.php?id=1472443"]
[Date "2017.4.7"]
[Round "2"]
[White "Prosperidade"]
[Black "HenriqCamargo"]
[Result "1-0"]
[WhiteElo "2160"]
[BlackElo "1832"]

1. d4 Nf6 2. c4 e6 3. Nf3 Bb4+ 4. Bd2 O-O 5. Bxb4 d6 6. Nc3 b6 7. e4 Bb7 8. Bd3
a5 9. Ba3 Nbd7 10. O-O Re8 11. Bc2 Ba6 12. b3 Bb7 13. Re1 c5 14. d5 e5 15. Bc1
Bc8 16. h3 Nf8 17. Bg5 Bd7 18. Bxf6 Qxf6 19. Nh2 Ng6 20. Qf3 Qxf3 21. Nxf3 Nf4
22. Nb5 Bxb5 23. cxb5 f6 24. a4 h6 25. Nd2 g5 26. Nc4 1-0

[Event "AUTO-ADV-3867"]
[Site "http://www.queenalice.com/game.php?id=1486084"]
[Date "2017.7.14"]
[Round "1"]
[White "HenriqCamargo"]
[Black "TITAN10"]
[Result "0-1"]
[WhiteElo "1730"]
[BlackElo "1874"]

1. e4 c5 2. Nf3 Nc6 3. d4 cxd4 4. Nxd4 d6 5. Bb5 Qc7 6. Nc3 a6 7. Bxc6+ bxc6 8.
O-O e5 9. Nf3 Nf6 10. b3 Be7 11. Bg5 h6 12. Be3 O-O 13. Qe2 Bg4 14. Rfe1 Rfe8
15. Na4 c5 0-1

[Event "AUTO-ADV-3867"]
[Site "http://www.queenalice.com/game.php?id=1486085"]
[Date "2017.7.14"]
[Round "1"]
[White "TITAN10"]
[Black "HenriqCamargo"]
[Result "1-0"]
[WhiteElo "1884"]
[BlackElo "1720"]

1. e4 e5 2. Nf3 Nc6 3. Bb5 d6 4. h3 Bd7 5. c3 Nf6 6. d3 Be7 7. Bg5 O-O 8. b4 a6
9. Ba4 b5 10. Bb3 Rb8 11. a4 Nh5 12. axb5 axb5 13. Bxe7 Nxe7 14. Nxe5 dxe5 15.
Qxh5 1-0